| 000 | 00747nam a2200205 i 4500 | ||
|---|---|---|---|
| 001 | 104254 | ||
| 003 | ES-MaACL | ||
| 005 | 20250815082228.0 | ||
| 007 | t| | ||
| 008 | 051125s1952 sp ||||1| spa d | ||
| 100 | 1 |
_aMiguel, Antonio de. _981001 |
|
| 245 | 1 | 0 |
_aComercio y divisas _b: su estructura y ordenación en Europa / _cAntonio de Miguel; prólogo del Excmo. Sr. D. Manuel Arburúa de la Miyar... |
| 260 |
_aMadrid : _bAguilar, _c1952. |
||
| 300 |
_aXVI, 288 p., 11 gráf. pleg. ; _c19 cm. |
||
| 490 | 1 | _aBiblioteca de ciencias sociales | |
| 700 | 1 |
_aArburúa de la Miyar, Manuel. _922426 |
|
| 830 | 0 | 0 |
_aBiblioteca de ciencias sociales (Aguilar) _9220462 |
| 852 |
_aES-MaACL _jD-7943 _bR.32385 |
||
| 999 |
_c104254 _d104254 |
||